Responses for Show #1774 - Thursday, April 23, 1992

Contestants

[<< previous game]

Michael Brossette, a landscaper from Arabi, Louisiana

Bill Orme, a librarian from Indianapolis, Indiana

Patrick McMahon, a financial analyst from Pittsburgh, Pennsylvania (whose 2-day cash winnings total $27,402)

[next game >>]

Jeopardy! Round responses

ARCHAEOLOGY
SEE THE U.S.A.
SWIMMING & DIVING
WORLD HISTORY
FOOD
12-LETTER WORDS
    $100 5
plaster of Paris

Bill
    $100 7
Ben Franklin

Bill
    $100 8
English Channel

Michael
    $100 1
the Union Jack

Bill
    $100 23
an apple

Michael
    $100 3
frankincense

Bill
    $200 6
fire

Bill
    $200 9
Virginia

Patrick
    $200 21
a scissors kick

Patrick
    $200 2
Notre Dame

Bill
    $200 25
a Charlotte

Triple Stumper
    $200 4
a glockenspiel

Bill
    $300 19
a stone

Bill
    $300 16
Excalibur

Patrick
    $300 24
aluminum

Bill
    $300 10
(Alex: I think we're gonna take a break right now; I have a bad case of the hiccups and it's probably affecting your play and certainly our viewers' enjoyment--I will try to get over them by the time we return...)

China

Patrick
    $300 26
chicken

Bill
    $300 12
[Michael's 13-letter response is accepted as correct and Alex clarifies the ruling prior to revealing the Double Jeopardy! categories as the clue's wording was misleading due to "explorers". ]

the conquistadors

Michael
    $400 20
Mexico

Patrick
    $400 17
Myrtle Beach

Michael
    $400 29
synchronized swimming

Bill
    $400 11
Saudi Arabia

Bill
    $400 27
(Patrick: What is yeast?)

baking powder

Patrick
Triple Stumper
    $400 13
a commonwealth

Bill
    $500 22
Arabic

Patrick
    $1,000 18
Georgia

Michael
    $500 30
the pike

Triple Stumper
    $500 15
the de' Medicis

Michael
    $500 28
fettuccine

Michael
    $500 14
an octogenarian

Patrick

Scores at the first commercial break (after clue 10):

Patrick Bill Michael
$500 $1,000 $100

Scores at the end of the Jeopardy! Round:

Patrick Bill Michael
$2,000 $3,100 $2,900

Double Jeopardy! Round responses

19th CENTURY AMERICA
CLASSICAL MUSIC
LEGAL LINGO
NONFICTION
FAMOUS JOANS
RIVERS
    $200 2
Singer

Bill
    $200 23
(Patrick: Who is John Donne?)

(Edgar Allan) Poe

PatrickBill
    $200 7
a squatter

Patrick
    $200 21
Darwin

Michael
    $200 12
Joan Collins

Patrick
    $200 1
the Nile

Michael
    $400 3
(George) Custer

Michael
    $400 27
Stravinsky

Bill
    $400 17
a deed

Michael
    $400 22
(Margaret) Mitchell

Patrick
    $400 13
Joan Jett

Michael
    $400 8
the Tiber

Patrick
    $600 4
(Patrick: What is the Ohio?)

the Tippecanoe

Patrick
Triple Stumper
    $600 28
the harpsichord

Bill
    $600 18
a warrant

Michael
    $600 24
Iacocca

Michael
    $600 14
Joan Lunden

Patrick
    $600 9
the Volga

Michael
    $800 5
Donner

Michael
    $800 29
Rossini

Michael
    $800 19
an arraignment

Bill
    $800 25
C. Everett Koop

Patrick
    $800 15
Joan Embery

Bill
    $800 10
the Danube

Patrick
    $1000 6
(Alex: Sorry, Patrick, you didn't ring in quickly enough.)

Daniel Webster

Triple Stumper
    $1000 30
(Edward) Elgar

Patrick
    $1000 20
a venue

Michael
    $2,500 26
the Cuban Missile Crisis

Patrick
    $1000 16
Joan Sutherland

Michael
    $2,000 11
the Rhine

Patrick

Scores at the end of the Double Jeopardy! Round:

Patrick Bill Michael
$10,100 $6,100 $9,900

[wagering suggestions for these scores]

Final Jeopardy! Round responses

SHAKESPEAREAN CHARACTERS
BillWho is Juliet's nurse
$6,100
MichaelWho is Tibalt
$2,301
PatrickWho is Brother Timothy?
$9,701
Paris

Final scores:

Patrick Bill Michael
$399 $0 $7,599
2nd place: Englander Nautilus mattress & Burlington House comforter set + Jeopardy! computerized version 3rd place: Nemesis Igo Dojo electronic Go game + Jeopardy! computerized version New champion: $7,599

Game dynamics:

Coryat scores:

Patrick Bill Michael
$7,600 $6,100 $9,400
17 R
(including 2 DDs),
3 W
19 R,
0 W
19 R
(including 1 DD),
0 W

Combined Coryat: $23,100

[game clues] [game scores] [suggest correction]

Game tape date: 1992-01-13
The J! Archive is created by fans, for fans. Scraping, republication, monetization, and malicious use prohibited; this site may use cookies and collect identifying information. See terms. The Jeopardy! game show and all elements thereof, including but not limited to copyright and trademark thereto, are the property of Jeopardy Productions, Inc. and are protected under law. This website is not affiliated with, sponsored by, or operated by Jeopardy Productions, Inc. Join the discussion at JBoard.tv.